[Event "Junior Online 4NCL Division 5"]
[Site "online"]
[Date "2021.02.04"]
[Round "2.206"]
[White "Baker, Luke"]
[Black "Ali, Zaki"]
[Result "0-1"]
[WhiteElo "909"]
[BlackElo "1189"]
[PlyCount "98"]
[EventDate "2021.02.04"]
[WhiteTeam "Surrey Kings 4"]
[BlackTeam "Wanstead Warriors 3"]

1. e4 e6 2. Nf3 d5 3. e5 c5 4. Bb5+ Bd7 5. Bxd7+ Nxd7 6. Nc3 Nb6 7. d3 d4 8.
Nb5 a6 9. Nd6+ Bxd6 10. exd6 Qxd6 11. O-O Nf6 12. h3 O-O 13. g3 h6 14. Bf4 Qd7
15. Re1 Nbd5 16. Be5 Ne8 17. c4 Nb4 18. a3 Nc6 19. Qa4 Nxe5 20. Qd1 Nxf3+ 21.
Qxf3 Nf6 22. Rad1 e5 23. Rxe5 Qxh3 24. Rxc5 Ng4 25. Qh1 Qxh1+ 26. Kxh1 Nxf2+
27. Kg2 Nxd1 28. Rd5 Ne3+ 29. Kf3 Nxd5 30. cxd5 Rad8 31. Ke4 Rfe8+ 32. Kxd4 f5
33. b4 Rc8 34. a4 g5 35. d6 Rcd8 36. Kd5 Kf7 37. b5 axb5 38. axb5 Kf6 39. d4
Re6 40. Kc5 Rdxd6 41. Kc4 f4 42. gxf4 gxf4 43. Kd3 f3 44. Kd2 f2 45. Kc3 f1=Q
46. Kb4 Qb1+ 47. Kc5 Qc1+ 48. Kb4 Rxd4+ 49. Ka5 Qa1# 0-1

[Event "Junior Online 4NCL Division 5"]
[Site "online"]
[Date "2021.02.04"]
[Round "2.207"]
[White "Ali, Yusuf"]
[Black "Song, Meilin"]
[Result "1-0"]
[WhiteElo "1197"]
[BlackElo "910"]
[PlyCount "41"]
[EventDate "2021.02.04"]
[WhiteTeam "Wanstead Warriors 3"]
[BlackTeam "Surrey Kings 4"]

1. c4 e5 2. g3 Nc6 3. Bg2 Nf6 4. d3 Bc5 5. e4 Ng4 6. Be3 Bxe3 7. fxe3 Nxe3 8.
Qe2 Nxg2+ 9. Qxg2 O-O 10. Nf3 d6 11. Nc3 Nb4 12. O-O Nc2 13. Qxc2 Bg4 14. Nd5
Bxf3 15. Rxf3 c6 16. Nb4 d5 17. exd5 cxd5 18. Nxd5 Qd7 19. Re3 Qc6 20. Ne7+ Kh8
21. Nxc6 1-0

[Event "Junior Online 4NCL Division 5"]
[Site "online"]
[Date "2021.02.04"]
[Round "2.208"]
[White "Goldhawk, Harrison"]
[Black "Byczko, Samuel"]
[Result "1-0"]
[WhiteElo "958"]
[BlackElo "1075"]
[PlyCount "51"]
[EventDate "2021.02.04"]
[WhiteTeam "Surrey Kings 4"]
[BlackTeam "Wanstead Warriors 3"]

1. d4 d5 2. Nc3 Nc6 3. Nf3 Nf6 4. e3 Bf5 5. Bd3 g6 6. Nh4 Qd7 7. O-O e6 8. Nf3
O-O-O 9. Bb5 a6 10. Be2 Nb4 11. Bd2 Nxc2 12. Rc1 Nb4 13. Qb3 a5 14. Bb5 Nc6 15.
Ne2 Ne4 16. Be1 Nb4 17. Bxd7+ Kxd7 18. Qa4+ c6 19. Qxa5 Nd3 20. Rd1 Nxb2 21.
Rb1 Nc4 22. Qa4 Bd6 23. Rxb7+ Kc8 24. Rxf7 Nb2 25. Qa8+ Bb8 26. Rb7 1-0

[Event "Junior Online 4NCL Division 5"]
[Site "online"]
[Date "2021.02.04"]
[Round "2.211"]
[White "Simmons, Keaton"]
[Black "Barrio, Ricardo"]
[Result "1-0"]
[WhiteElo "925"]
[BlackElo "1075"]
[PlyCount "69"]
[EventDate "2021.02.04"]
[WhiteTeam "Edgware Gambits K"]
[BlackTeam "Ojays H"]

1. e4 e5 2. Nf3 Nc6 3. Bb5 a6 4. Bxc6 bxc6 5. Nxe5 Nf6 6. Qe2 d6 7. Nxc6 Bb7 8.
Nxd8 Rxd8 9. Nc3 Be7 10. d3 O-O 11. Qf3 Rde8 12. Qg3 Bd8 13. Bh6 g6 14. Bxf8
Kxf8 15. O-O d5 16. exd5 c5 17. Qd6+ Be7 18. Qc7 Rc8 19. Qxb7 Rd8 20. Qxa6 Bd6
21. Qb6 Ng4 22. Qxd8+ Kg7 23. Qxd6 h6 24. Qxc5 Nf6 25. d6 Nd7 26. Qc6 Nb8 27.
Qc7 Na6 28. Qb7 Nc5 29. Qc7 Ne6 30. Qc4 Nf8 31. Qd4+ f6 32. d7 Ne6 33. Qd5 Nc7
34. d8=Q Na6 35. Q8g8# 1-0

[Event "Junior Online 4NCL Division 5"]
[Site "online"]
[Date "2021.02.04"]
[Round "2.213"]
[White "Tchernitser, David"]
[Black "Barrio Lopez, Carlos"]
[Result "0-1"]
[WhiteElo "843"]
[BlackElo "918"]
[PlyCount "48"]
[EventDate "2021.02.04"]
[WhiteTeam "Edgware Gambits K"]
[BlackTeam "Ojays H"]

1. e4 e5 2. Nf3 Nc6 3. Nc3 Nf6 4. Bc4 Bc5 5. O-O Ng4 6. d3 Nxf2 7. Qe2 Ng4+ 8.
d4 Bxd4+ 9. Nxd4 exd4 10. Bxf7+ Kf8 11. Bd5+ Ke8 12. Bf7+ Ke7 13. Qxg4 d6 14.
Nd5+ Kf8 15. Qe6 Bxe6 16. Bxe6+ Ke8 17. Nxc7+ Qxc7 18. Rf7 Qd8 19. Bg5 Qxg5 20.
Rxb7 Ne5 21. Rxg7 Qxg7 22. Bd7+ Kxd7 23. c3 Rhg8 24. Rf1 Qxg2# 0-1

[Event "Junior Online 4NCL Division 5"]
[Site "online"]
[Date "2021.02.04"]
[Round "2.214"]
[White "Simon, Logan"]
[Black "Trim, Xanthe"]
[Result "1/2-1/2"]
[WhiteElo "900"]
[BlackElo "775"]
[PlyCount "138"]
[EventDate "2021.02.04"]
[WhiteTeam "Ojays H"]
[BlackTeam "Edgware Gambits K"]

1. e4 e5 2. Nf3 Nc6 3. Nc3 Nf6 4. d3 Bb4 5. Be2 O-O 6. O-O d6 7. a3 Bc5 8. Be3
Bxe3 9. fxe3 Bg4 10. g3 Qd7 11. h3 Bxh3 12. Rf2 Rad8 13. b4 b5 14. d4 exd4 15.
exd4 Rde8 16. e5 dxe5 17. dxe5 Ng4 18. Qxd7 Nxf2 19. Kxf2 Bxd7 20. Ng5 h6 21.
Nge4 Rxe5 22. Bd3 Nd4 23. a4 Bf5 24. axb5 Ra8 25. b6 cxb6 26. Na4 Bd7 27. Nxb6
Rc8 28. Rxa7 Bf5 29. Nxc8 Bxc8 30. Ra8 Re8 31. Nd6 Rd8 32. Nxc8 Nc6 33. b5 Nb4
34. b6 Nxd3+ 35. Ke2 Nc5 36. g4 g5 37. Ke3 f6 38. b7 Nxb7 39. c4 Kf7 40. Nd6+
Rxd6 41. Ke4 Nc5+ 42. Kf5 Nd7 43. Ra7 Rd4 44. Ra4 Ne5 45. Ra7+ Kg8 46. c5 Nxg4
47. c6 Ne5 48. c7 Rc4 49. Kxf6 Nd7+ 50. Kg6 g4 51. Kxh6 g3 52. c8=Q+ Rxc8 53.
Rxd7 g2 54. Rd1 Rc6+ 55. Kh5 Rc5+ 56. Kh4 Rc6 57. Kh3 Rg6 58. Kh2 Kh7 59. Rg1
Kh6 60. Rxg2 Ra6 61. Kh1 Kh5 62. Rh2+ Kg4 63. Kg2 Ra2+ 64. Kh1 Ra3 65. Rg2+ Kf3
66. Rb2 Ra1+ 67. Kh2 Rf1 68. Rg2 Rf2 69. Rxf2+ Kxf2 1/2-1/2

[Event "Junior Online 4NCL Division 5"]
[Site "online"]
[Date "2021.02.04"]
[Round "2.215"]
[White "Barrio, Ricardo"]
[Black "Simmons, Keaton"]
[Result "0-1"]
[WhiteElo "1075"]
[BlackElo "925"]
[PlyCount "28"]
[EventDate "2021.02.04"]
[WhiteTeam "Ojays H"]
[BlackTeam "Edgware Gambits K"]

1. d4 d5 2. c4 Nf6 3. e3 Bg4 4. Nf3 Bxf3 5. Qxf3 dxc4 6. Bxc4 Nc6 7. Nc3 e6 8.
e4 Nxd4 9. Qf4 Nc2+ 10. Kf1 Nxa1 11. Bb5+ c6 12. Be3 Nc2 13. e5 cxb5 14. Nxb5
Qd1# 0-1

[Event "Junior Online 4NCL Division 5"]
[Site "online"]
[Date "2021.02.04"]
[Round "2.217"]
[White "Barrio Lopez, Carlos"]
[Black "Tchernitser, David"]
[Result "1-0"]
[WhiteElo "918"]
[BlackElo "843"]
[PlyCount "73"]
[EventDate "2021.02.04"]
[WhiteTeam "Ojays H"]
[BlackTeam "Edgware Gambits K"]

1. e4 e5 2. Nf3 Nc6 3. Nc3 Bb4 4. Nb5 Nf6 5. a4 Bxd2+ 6. Kxd2 Nd4 7. Nfxd4 O-O
8. Ke1 Nxe4 9. Qf3 exd4 10. Qxe4 d5 11. Qd3 Bf5 12. Qxf5 d3 13. Qxd3 d4 14. Qe4
Re8 15. Bd3 Rxe4+ 16. Bxe4 f5 17. Bxf5 Qe7+ 18. Kf1 Qb4 19. c3 Qxa4 20. Rxa4
Re8 21. Rxd4 c6 22. Nc7 Re5 23. Rd8+ Kf7 24. Be6+ Kf6 25. f4 Ra5 26. Ke1 Ra1
27. Kd2 Ra2 28. Rf8+ Ke7 29. Rf7+ Kd6 30. Rd7+ Kc5 31. Re1 Kb6 32. Re4 Kc5 33.
Rc4+ Kb6 34. Kd1 Ka5 35. Rc5+ Ka4 36. Rc4+ Kb3 37. Rb4# 1-0

[Event "Junior Online 4NCL Division 5"]
[Site "online"]
[Date "2021.02.04"]
[Round "2.218"]
[White "Trim, Xanthe"]
[Black "Simon, Logan"]
[Result "1-0"]
[WhiteElo "775"]
[BlackElo "900"]
[PlyCount "121"]
[EventDate "2021.02.04"]
[WhiteTeam "Edgware Gambits K"]
[BlackTeam "Ojays H"]

1. d4 e5 2. Nf3 Bb4+ 3. c3 exd4 4. Nxd4 Bxc3+ 5. bxc3 Ne7 6. e4 f6 7. Bd3 f5 8.
exf5 O-O 9. O-O d5 10. Ne6 Bxe6 11. fxe6 Rf6 12. Bc2 Rxe6 13. Qd3 d4 14. Qxh7+
Kf7 15. Qf5+ Rf6 16. Qh5+ Rg6 17. Qf3+ Rf6 18. Qxb7 Nd7 19. Qb3+ Nd5 20. Qxd5+
Re6 21. Qxd4 Rd6 22. Qf4+ Rf6 23. Qh4 Rh6 24. Qxd8 Rxd8 25. Bxh6 gxh6 26. Bf5
Ne5 27. Nd2 Rxd2 28. c4 Nxc4 29. Rac1 Kf6 30. Bh3 a5 31. Rxc4 Rxa2 32. Rxc7 Rb2
33. Rc6+ Kg7 34. Be6 a4 35. h4 a3 36. Ra6 a2 37. Bxa2 Kh8 38. Be6 Kg7 39. Ra7+
Kf6 40. Bd5 Ke5 41. Bc6 Kd4 42. Ra4+ Kc3 43. g4 Kd2 44. Rd4+ Kc3 45. Rd6 Kc2
46. Rxh6 Rb1 47. Be4+ Kb2 48. Bxb1 Ka3 49. g5 Kb4 50. g6 Kc5 51. g7 Kd4 52.
g8=Q Ke5 53. Qg5+ Kd4 54. Ra6 Kc4 55. Ra3 Kb4 56. Qg3 Kc5 57. Qg4 Kd6 58. Ra5
Ke7 59. Qg6 Kd8 60. Ra7 Kc8 61. Qg8# 1-0

[Event "Junior Online 4NCL Division 5"]
[Site "online"]
[Date "2021.02.04"]
[Round "2.221"]
[White "Pasha, Ahmed"]
[Black "Karadkar, Aryan"]
[Result "0-1"]
[WhiteElo "900"]
[BlackElo "1390"]
[PlyCount "56"]
[EventDate "2021.02.04"]
[WhiteTeam "The Hall 5"]
[BlackTeam "Chess Challengers F"]

1. e4 c5 2. Nc3 d6 3. Nf3 Nc6 4. Na4 Nf6 5. Bd3 g6 6. c4 Bg7 7. Bc2 e6 8. Kf1
d5 9. exd5 exd5 10. cxd5 Nxd5 11. Nxc5 Qb6 12. Ne4 O-O 13. Nd6 Bg4 14. Be4 Ne5
15. Bxd5 Qxd6 16. Bxb7 Rab8 17. Be4 Nd3 18. Qc2 Nb4 19. Qb3 Be6 20. Qa3 Qa6+
21. Qxa6 Nxa6 22. b3 Nc5 23. Bc6 Bxa1 24. Ng5 Nd3 25. Nxe6 fxe6 26. Ba3 Rxf2+
27. Kg1 Rxd2 28. Bd7 Rd1# 0-1

[Event "Junior Online 4NCL Division 5"]
[Site "online"]
[Date "2021.02.04"]
[Round "2.222"]
[White "Aggarwal, Kian"]
[Black "Hansjee, Sebastian"]
[Result "0-1"]
[WhiteElo "1400"]
[BlackElo "900"]
[PlyCount "30"]
[EventDate "2021.02.04"]
[WhiteTeam "Chess Challengers F"]
[BlackTeam "The Hall 5"]

1. e4 e5 2. Nf3 Nc6 3. Nc3 Bc5 4. Bc4 d6 5. d3 Bg4 6. O-O Nf6 7. Nd5 Nxd5 8.
Bxd5 Nd4 9. Bxb7 Rb8 10. Bd5 Nxf3+ 11. gxf3 Bh3 12. Re1 Qf6 13. Bc6+ Kf8 14. b3
Qg6+ 15. Kh1 Qg2# 0-1

[Event "Junior Online 4NCL Division 5"]
[Site "online"]
[Date "2021.02.04"]
[Round "2.223"]
[White "Dean, Eskander"]
[Black "Madan, Shivank"]
[Result "0-1"]
[WhiteElo "900"]
[BlackElo "1450"]
[PlyCount "54"]
[EventDate "2021.02.04"]
[WhiteTeam "The Hall 5"]
[BlackTeam "Chess Challengers F"]

1. d4 d5 2. Bf4 Bf5 3. Nf3 Nc6 4. e3 e6 5. Nc3 a6 6. Ne5 Nxe5 7. Bxe5 Bd6 8.
Qf3 Bxe5 9. dxe5 f6 10. exf6 Nxf6 11. O-O-O Bg4 12. Qg3 Bxd1 13. Kxd1 O-O 14.
Bd3 h6 15. Rg1 Nh5 16. Qe5 Qe8 17. g4 Nf6 18. g5 hxg5 19. Qxg5 Rf7 20. Qg6 a5
21. Rg5 a4 22. b3 axb3 23. cxb3 Qc6 24. Rg1 Qxc3 25. Bb5 c6 26. Bf1 Rxa2 27. h4
Qd2# 0-1

[Event "Junior Online 4NCL Division 5"]
[Site "online"]
[Date "2021.02.04"]
[Round "2.224"]
[White "Khandelwal, Ritisha"]
[Black "Penderis, Oliver"]
[Result "0-1"]
[WhiteElo "1400"]
[BlackElo "900"]
[PlyCount "120"]
[EventDate "2021.02.04"]
[WhiteTeam "Chess Challengers F"]
[BlackTeam "The Hall 5"]

1. e4 e5 2. Bc4 Nf6 3. Nc3 Nc6 4. d3 Bc5 5. Bg5 d6 6. a3 Bg4 7. Nf3 Nd4 8. b4
Nxf3+ 9. gxf3 Bd4 10. Qd2 Bxf3 11. Rg1 Qe7 12. Rg3 Bh5 13. f3 h6 14. Bxf6 Qxf6
15. O-O-O O-O-O 16. Nd5 Qh4 17. Rxg7 Bxf3 18. Rf1 Bh5 19. a4 a6 20. a5 Rhg8 21.
Rxg8 Rxg8 22. c3 Ba7 23. Rh1 Rg1+ 24. Rxg1 Bxg1 25. Kc2 Qxh2 26. Qxh2 Bxh2 27.
Nf6 Bg6 28. Ng8 Bf4 29. Ne7+ Kd8 30. Nd5 h5 31. Nf6 h4 32. Ng4 h3 33. Nf2 h2
34. Kd1 Bg3 35. Nh1 Bh5+ 36. Kd2 Bf4+ 37. Kc2 Bf3 38. Nf2 Bg3 39. Nh3 h1=Q 40.
Ng5 Bh5 41. Kb3 Qb1+ 42. Ka4 Qa1+ 43. Kb3 Qd1+ 44. Kb2 Qg4 45. Nh7 Qg7 46. b5
b6 47. bxa6 Kd7 48. a7 Qg8 49. a6 Qa8 50. Nf6+ Ke7 51. Nxh5 Bh4 52. Kb3 Qxa7
53. Ka4 c6 54. Bb3 Qxa6+ 55. Kb4 Qxd3 56. Ng7 Bg5 57. Nf5+ Kf6 58. Bc4 Qb1+ 59.
Ka4 Bc1 60. Nxd6 Qb2 0-1

[Event "Junior Online 4NCL Division 5"]
[Site "online"]
[Date "2021.02.04"]
[Round "2.225"]
[White "Karadkar, Aryan"]
[Black "Pasha, Ahmed"]
[Result "1-0"]
[WhiteElo "1390"]
[BlackElo "900"]
[PlyCount "43"]
[EventDate "2021.02.04"]
[WhiteTeam "Chess Challengers F"]
[BlackTeam "The Hall 5"]

1. e4 e5 2. f4 exf4 3. Nf3 g5 4. d4 Nf6 5. e5 Ne4 6. Bd3 Bb4+ 7. c3 Nxc3 8.
bxc3 Bxc3+ 9. Nxc3 d6 10. exd6 cxd6 11. O-O Bg4 12. h3 Bxf3 13. Qxf3 Qa5 14.
Bb2 Nc6 15. d5 Nb4 16. Bb5+ Ke7 17. a3 Nc2 18. Rac1 Nxa3 19. Bxa3 Qxa3 20. Qg4
Rad8 21. Qxg5+ f6 22. Qg7# 1-0

[Event "Junior Online 4NCL Division 5"]
[Site "online"]
[Date "2021.02.04"]
[Round "2.226"]
[White "Hansjee, Sebastian"]
[Black "Aggarwal, Kian"]
[Result "0-1"]
[WhiteElo "900"]
[BlackElo "1400"]
[PlyCount "112"]
[EventDate "2021.02.04"]
[WhiteTeam "The Hall 5"]
[BlackTeam "Chess Challengers F"]

1. e4 e5 2. Nf3 Nc6 3. Bc4 Nf6 4. Ng5 d5 5. Bxd5 Nxd5 6. exd5 Qxd5 7. Nc3 Qd8
8. Qe2 Qxg5 9. d4 Nxd4 10. Qc4 Qxg2 11. Rg1 Qxg1+ 12. Kd2 Nf3+ 13. Ke3 Nxh2 14.
Ne4 Qe1+ 15. Kd3 Bf5 16. Qa4+ Bd7 17. Qc4 Qd1+ 18. Kc3 Qf3+ 19. Kd2 Qf4+ 20.
Kd3 Qf5 21. Be3 Bc6 22. Kc3 Bxe4 23. Qa4+ Bc6 24. Qb3 Nf3 25. Rd1 Bd6 26. Bc5
Bxc5 27. Qc4 Bd4+ 28. Kb4 a5+ 29. Kb3 Bxf2 30. Rd3 e4 31. Rd1 Be1 32. Qf1 Nd2+
33. Rxd2 Qxf1 34. Rd4 Qb5+ 35. Ka3 Qb4+ 36. Rxb4 axb4+ 37. Kb3 e3 38. Kc4 e2
39. Kd3 Rxa2 40. Kxe2 Bh4 41. Kd2 Rxb2 42. Kc1 Ra2 43. Kb1 Ra5 44. Kb2 Rc5 45.
Kb3 Bf6 46. Kxb4 Rxc2 47. Kb3 Rb2+ 48. Kc4 h5 49. Kd3 h4 50. Ke3 h3 51. Kf4 h2
52. Kg3 h1=Q 53. Kf4 Rh4+ 54. Ke3 Rb3+ 55. Kd2 Qg2+ 56. Kc1 Rh1# 0-1

[Event "Junior Online 4NCL Division 5"]
[Site "online"]
[Date "2021.02.04"]
[Round "2.227"]
[White "Madan, Shivank"]
[Black "Dean, Eskander"]
[Result "1-0"]
[WhiteElo "1450"]
[BlackElo "900"]
[PlyCount "41"]
[EventDate "2021.02.04"]
[WhiteTeam "Chess Challengers F"]
[BlackTeam "The Hall 5"]

1. e4 d5 2. exd5 Qxd5 3. Nc3 Qe6+ 4. Be2 Qg6 5. Nb5 Na6 6. Bf3 Bf5 7. d3 f6 8.
Bh5 Qxh5 9. Qxh5+ g6 10. Qf3 h5 11. Qxb7 Bh6 12. Bxh6 Nxh6 13. Qxa8+ Kf7 14.
Qxh8 Ng4 15. Qh7+ Kf8 16. O-O-O Nxf2 17. Re1 Nxh1 18. Qxe7+ Kg8 19. Qxf6 Nf2
20. Re8+ Kh7 21. Qh8# 1-0

[Event "Junior Online 4NCL Division 5"]
[Site "online"]
[Date "2021.02.04"]
[Round "2.228"]
[White "Penderis, Oliver"]
[Black "Khandelwal, Ritisha"]
[Result "0-1"]
[WhiteElo "900"]
[BlackElo "1400"]
[PlyCount "38"]
[EventDate "2021.02.04"]
[WhiteTeam "The Hall 5"]
[BlackTeam "Chess Challengers F"]

1. e4 d5 2. exd5 Nf6 3. Nf3 Nxd5 4. Bc4 Nb4 5. Nc3 Bf5 6. d3 N8c6 7. Bf4 e6 8.
h3 Bd6 9. Bg5 f6 10. Be3 a6 11. O-O b5 12. Bb3 e5 13. a3 e4 14. Nd2 exd3 15.
Qh5+ Bg6 16. Qd1 Qe7 17. cxd3 Bxd3 18. Re1 Qe5 19. axb4 Qh2# 0-1

[Event "Junior Online 4NCL Division 5"]
[Site "online"]
[Date "2021.02.04"]
[Round "2.231"]
[White "Dalah, Jacob"]
[Black "Rolletta, Giuseppe"]
[Result "1-0"]
[WhiteElo "1038"]
[BlackElo "1137"]
[PlyCount "53"]
[EventDate "2021.02.04"]
[WhiteTeam "Edgware Gambits H"]
[BlackTeam "Golden Falcons 2"]

1. e4 e5 2. Nf3 Nf6 3. Nxe5 Nxe4 4. Qe2 d5 5. d3 Nf6 6. Nc6+ Qe7 7. Nxe7 Bxe7
8. Bg5 Ng8 9. Bxe7 Nxe7 10. Nc3 d4 11. Nd5 Be6 12. Nxc7+ Kd7 13. Nxa8 Nbc6 14.
O-O-O Ke8 15. Nc7+ Kd7 16. Nxe6 Rd8 17. Nxd8 Kxd8 18. Re1 Ne5 19. Qxe5 Nc6 20.
Qe8+ Kc7 21. Re7+ Nxe7 22. Qxe7+ Kc8 23. Qxf7 Kb8 24. Qxg7 Ka8 25. Qxh7 Kb8 26.
Qd7 Ka8 27. Qc8# 1-0

[Event "Junior Online 4NCL Division 5"]
[Site "online"]
[Date "2021.02.04"]
[Round "2.232"]
[White "Morozova, Eva"]
[Black "Bagchi, Aadi"]
[Result "0-1"]
[WhiteElo "1100"]
[BlackElo "995"]
[PlyCount "88"]
[EventDate "2021.02.04"]
[WhiteTeam "Golden Falcons 2"]
[BlackTeam "Edgware Gambits H"]

1. e4 e5 2. d4 d6 3. dxe5 dxe5 4. Nf3 Qxd1+ 5. Kxd1 Nc6 6. c4 Bd7 7. Be3 Bg4 8.
Nc3 O-O-O+ 9. Kc2 Nf6 10. Bd3 g6 11. h3 Bh5 12. Ng5 Rd7 13. Rad1 h6 14. Ne6 Re7
15. Nd4 Nxd4+ 16. Bxd4 Bxd1+ 17. Nxd1 exd4 18. c5 Nxe4 19. Bb5 Nxc5 20. Nc3
dxc3 21. Kxc3 a6 22. Bxa6 Nxa6 23. Re1 Rxe1 24. g4 Rf1 25. a4 Rxf2 26. a5 Nc5
27. a6 Nxa6 28. b4 Bg7+ 29. Kb3 Nc5+ 30. Ka3 Rf3+ 31. Ka2 Rxh3 32. g5 hxg5 33.
bxc5 Rh2+ 34. Ka3 b6 35. cxb6 cxb6 36. Ka4 b5+ 37. Kxb5 Bd4 38. Ka6 Bb6 39.
Kxb6 f6 40. Ka7 f5 41. Ka8 f4 42. Ka7 Rb2 43. Ka6 Kc7 44. Ka5 Ra8# 0-1

[Event "Junior Online 4NCL Division 5"]
[Site "online"]
[Date "2021.02.04"]
[Round "2.233"]
[White "Illingworth-Law, Oscar"]
[Black "Masterskikh, Elena"]
[Result "1-0"]
[WhiteElo "969"]
[BlackElo "870"]
[PlyCount "83"]
[EventDate "2021.02.04"]
[WhiteTeam "Edgware Gambits H"]
[BlackTeam "Golden Falcons 2"]

1. e4 e5 2. Nf3 Nf6 3. Nxe5 Bd6 4. Nf3 O-O 5. Nc3 c5 6. d4 cxd4 7. Qxd4 Qe7 8.
e5 Bc7 9. Be2 Nh5 10. O-O a6 11. Nd5 Qd8 12. Bf4 Nxf4 13. Qxf4 f6 14. Nxf6+
gxf6 15. Qg4+ Kf7 16. Bc4+ d5 17. Qh5+ Ke6 18. Nd4+ Kd7 19. Qxh7+ Qe7 20. Qf5+
Kd8 21. Qd3 a5 22. Nb5 Bxe5 23. Qxd5+ Bd7 24. Nd4 Bd6 25. Bb5 Bxb5 26. Qxb5 Rh8
27. Qb6+ Qc7 28. Ne6+ Ke7 29. Nxc7 Bxh2+ 30. Kh1 f5 31. Rfe1+ Kf7 32. Qe6+ Kf8
33. Qe7+ Kg8 34. Qe8+ Kg7 35. Re7+ Kf6 36. Qxh8+ Kxe7 37. Re1+ Kd7 38. Qh7+ Kc6
39. Kxh2 Kb6 40. Re6+ Kc5 41. Qxf5+ Kc4 42. Re4# 1-0

[Event "Junior Online 4NCL Division 5"]
[Site "online"]
[Date "2021.02.04"]
[Round "2.234"]
[White "Masterskikh, Luka"]
[Black "Patel, Kamran"]
[Result "1-0"]
[WhiteElo "500"]
[BlackElo "952"]
[PlyCount "79"]
[EventDate "2021.02.04"]
[WhiteTeam "Golden Falcons 2"]
[BlackTeam "Edgware Gambits H"]

1. d4 d5 2. Nf3 Nc6 3. c3 Bf5 4. Bf4 Nf6 5. Nbd2 e6 6. e3 Bd6 7. Bg3 Bxg3 8.
fxg3 Ne4 9. Nb3 O-O 10. Nbd2 Nxd2 11. Qxd2 Be4 12. Bd3 Bxd3 13. Qxd3 Qf6 14. h4
Ne7 15. Ng5 Qg6 16. Qf1 Nf5 17. Nh3 Nxg3 18. Qg1 Nxh1 19. Qxh1 Qg3+ 20. Nf2
Qxe3+ 21. Kf1 Qd3+ 22. Nxd3 Rae8 23. h5 f6 24. Qh3 f5 25. h6 gxh6 26. Qg3+ Kh8
27. Qh3 Rf6 28. Re1 Rg6 29. Ne5 Rg7 30. Re3 a6 31. Rg3 Rxg3 32. Qxg3 Re7 33. a4
Rg7 34. Qh4 h5 35. Qxh5 Rg8 36. Qh6 Rg7 37. b3 b5 38. a5 Rg3 39. Qf8+ Rg8 40.
Nf7# 1-0

[Event "Junior Online 4NCL Division 5"]
[Site "online"]
[Date "2021.02.04"]
[Round "2.235"]
[White "Rolletta, Giuseppe"]
[Black "Dalah, Jacob"]
[Result "0-1"]
[WhiteElo "1137"]
[BlackElo "1038"]
[PlyCount "72"]
[EventDate "2021.02.04"]
[WhiteTeam "Golden Falcons 2"]
[BlackTeam "Edgware Gambits H"]

1. d4 d5 2. Nc3 Nc6 3. e3 Nf6 4. Bb5 e6 5. Nf3 Bd6 6. O-O O-O 7. b3 a6 8. Bxc6
bxc6 9. Nh4 Ne4 10. Qh5 Nxc3 11. Kh1 Be7 12. g3 Bxh4 13. gxh4 h6 14. Rg1 Qf6
15. f4 Ne4 16. Kg2 Qg6+ 17. Kh3 Qxh5 18. Kg2 Qg4+ 19. Kf1 Qf3+ 20. Ke1 Qf2+ 21.
Kd1 Qxg1+ 22. Ke2 Qf2+ 23. Kd3 c5 24. dxc5 Nxc5+ 25. Kd4 Qxc2 26. Ke5 Nd3+ 27.
Kd4 Nxc1 28. Rxc1 Qxc1 29. Kd3 c5 30. e4 dxe4+ 31. Kxe4 Qe1+ 32. Kf3 Qxh4 33.
Kg2 Bb7+ 34. Kf1 Qxf4+ 35. Kg1 Qf3 36. h4 Qg2# 0-1

[Event "Junior Online 4NCL Division 5"]
[Site "online"]
[Date "2021.02.04"]
[Round "2.237"]
[White "Masterskikh, Elena"]
[Black "Illingworth-Law, Oscar"]
[Result "0-1"]
[WhiteElo "870"]
[BlackElo "969"]
[PlyCount "68"]
[EventDate "2021.02.04"]
[WhiteTeam "Golden Falcons 2"]
[BlackTeam "Edgware Gambits H"]

1. e4 e5 2. Nf3 Nc6 3. g4 Nge7 4. d3 g6 5. h4 Bg7 6. c4 O-O 7. b3 d6 8. Bg2
Bxg4 9. O-O f5 10. exf5 Rxf5 11. Nbd2 Rh5 12. Re1 Rxh4 13. Nxh4 Bxd1 14. Rxd1
Nc8 15. Bd5+ Kh8 16. Nxg6+ hxg6 17. Kg2 Qg5+ 18. Kh2 Qh5+ 19. Kg3 Qxd1 20. Bb2
Qxd2 21. Rh1+ Bh6 22. Bc1 Qxd3+ 23. Kg4 Qd4+ 24. Kf3 e4+ 25. Kg3 Qe5+ 26. Kg4
Qf5+ 27. Kg3 Qf3+ 28. Kh4 Qxh1+ 29. Kg4 Qxc1 30. Bxe4 Qg5+ 31. Kf3 Nb6 32. c5
Rf8+ 33. Ke2 Qd2+ 34. Kf1 Qxf2# 0-1

[Event "Junior Online 4NCL Division 5"]
[Site "online"]
[Date "2021.02.04"]
[Round "2.238"]
[White "Patel, Kamran"]
[Black "Masterskikh, Luka"]
[Result "0-1"]
[WhiteElo "952"]
[BlackElo "500"]
[PlyCount "124"]
[EventDate "2021.02.04"]
[WhiteTeam "Edgware Gambits H"]
[BlackTeam "Golden Falcons 2"]

1. d4 d5 2. Nf3 e6 3. Bf4 Bb4+ 4. c3 Ba5 5. e3 c6 6. Nbd2 Qb6 7. Qb3 Qd8 8. Qa4
b5 9. Qa3 Nd7 10. Nb3 Bb6 11. Ne5 Nxe5 12. Bxe5 f6 13. Bf4 a5 14. Nc5 Nh6 15.
Bxh6 gxh6 16. Nd3 b4 17. cxb4 Bb7 18. bxa5 Bxa5+ 19. Nb4 Bb6 20. Qc3 Ba5 21.
Qb3 Qb6 22. a3 Bxb4+ 23. axb4 Rxa1+ 24. Ke2 Ba6+ 25. Kf3 Bxf1 26. g3 Re1 27.
Rg1 Be2+ 28. Kg2 Bf1+ 29. Kf3 Qb5 30. Qa2 Qe2+ 31. Kf4 e5+ 32. Kf5 Qf3+ 33. Ke6
Bh3+ 34. Kd6 Rxg1 35. Qa8+ Kf7 36. Qxh8 Bf5 37. Qd8 Qxf2 38. Qe7+ Kg6 39. Qe8+
Kg5 40. Qg8+ Kh5 41. Qf7+ Bg6 42. Qg7 Rg2 43. Ke7 Rxh2 44. Qxf6 Qxf6+ 45. Kxf6
Rf2+ 46. Kxe5 Rxb2 47. Kd6 Rxb4 48. Kxc6 Bf7 49. Kc5 Rb3 50. Kd6 Rxe3 51. g4+
Kxg4 52. Kc5 h5 53. Kb4 h4 54. Kc5 h3 55. Kd6 h2 56. Kd7 h1=Q 57. Kd6 Qh6+ 58.
Kc5 Rc3+ 59. Kb4 Rc4+ 60. Kb3 Qb6+ 61. Ka3 Rc8 62. Ka4 Ra8# 0-1

[Event "Junior Online 4NCL Division 5"]
[Site "online"]
[Date "2021.02.04"]
[Round "2.241"]
[White "Varea, Benjamin"]
[Black "Devarakonda, Aryan"]
[Result "1-0"]
[WhiteElo "1278"]
[BlackElo "1135"]
[PlyCount "51"]
[EventDate "2021.02.04"]
[WhiteTeam "Dragon Kings 1"]
[BlackTeam "Manchester Juniors E"]

1. e4 e5 2. Nf3 Nf6 3. Bc4 Bc5 4. h3 O-O 5. d3 Nh5 6. Nxe5 Qh4 7. g3 Qf6 8. Qf3
Qxe5 9. Nc3 Bxf2+ 10. Kxf2 Nc6 11. Be3 Nd4 12. Qg4 Qf6+ 13. Kg2 d6 14. Bxd4
Bxg4 15. Bxf6 gxf6 16. hxg4 Nf4+ 17. gxf4 f5 18. gxf5 Kh8 19. d4 Rg8+ 20. Kf3
Rg7 21. Rh2 Rag8 22. Rah1 Rg3+ 23. Kf2 R8g4 24. Ne2 Rg2+ 25. Rxg2 Rxg2+ 26.
Kxg2 1-0

[Event "Junior Online 4NCL Division 5"]
[Site "online"]
[Date "2021.02.04"]
[Round "2.242"]
[White "Elisseev-Siuda, Ivan"]
[Black "Schmidt, Eoin"]
[Result "0-1"]
[WhiteElo "1099"]
[BlackElo "1045"]
[PlyCount "58"]
[EventDate "2021.02.04"]
[WhiteTeam "Manchester Juniors E"]
[BlackTeam "Dragon Kings 1"]

1. d4 d5 2. c4 e6 3. Nc3 Bb4 4. c5 Nc6 5. a3 Bxc3+ 6. bxc3 Nf6 7. e3 b6 8. cxb6
axb6 9. Nf3 Bb7 10. Bb5 O-O 11. O-O h6 12. Re1 Ne4 13. Bxc6 Bxc6 14. Ne5 Nxc3
15. Qc2 f6 16. Nxc6 Qd6 17. Ne7+ Qxe7 18. Qxc3 e5 19. dxe5 fxe5 20. e4 dxe4 21.
Rxe4 Qf6 22. Be3 c5 23. Rxe5 Rae8 24. f4 Rxe5 25. fxe5 Qf5 26. a4 g5 27. a5
bxa5 28. Bxc5 a4 29. Rxa4 Qf1# 0-1

[Event "Junior Online 4NCL Division 5"]
[Site "online"]
[Date "2021.02.04"]
[Round "2.243"]
[White "Varea, Gabriel"]
[Black "Topping, Rachel"]
[Result "0-1"]
[WhiteElo "955"]
[BlackElo "1097"]
[PlyCount "54"]
[EventDate "2021.02.04"]
[WhiteTeam "Dragon Kings 1"]
[BlackTeam "Manchester Juniors E"]

1. e4 e5 2. Nf3 Nc6 3. Bb5 Nf6 4. O-O Bc5 5. Bxc6 dxc6 6. d3 Bg4 7. h3 Bh5 8.
Bg5 h6 9. Bxf6 Qxf6 10. Nc3 O-O 11. Na4 Bd4 12. c3 Bb6 13. d4 exd4 14. cxd4
Rad8 15. Qb3 Bxd4 16. Nxd4 Rxd4 17. Nc5 b6 18. Na4 Rxe4 19. Qa3 Rfe8 20. Nc3
R4e5 21. Qxa7 Qg6 22. Qxc7 Bf3 23. g3 Rh5 24. Qd7 f5 25. h4 Rxh4 26. Qxe8+ Qxe8
27. g4 Rh1# 0-1